00926nam a2200265 a 450000100100000000500170001000800410002702000150006804000250008308200240010810000320013224500530016425000110021726000370022830000210026549000130028649000410029950000210034050400730036165000240043483000190045883000470047795201210052499900150064500000180020250603103845.0090629s1974 es 001 0 spa d a8470850547 aDO-SdBNPbspacBNPHU a657.48bR621c, 19741 aRivero Romero, José9584510aContabilidad financiera /cJosé Rivero Romero. a2a. ed aMadrid, :bEdiciones ICE,c1974. a492 p. ;c24 cm.1 aCibernos1 aBiblioteca de Ciencias Empresariales aIncluye índice aIncluye referencias bibliográficas y notas al pie de las páginas 0aContabilidad 95846 0aCibernos95847 0aBiblioteca de Ciencias Empresariales95848 001050718MOaGRbGRcCTd2009-06-29iLF1l0o657.48 R621c, 1974p1800-10r2020-06-25w2020-06-25y1ZNo se presta c1677d1677